Fundamental Accounting Principles Freewheel Corporation. Narrative of Transaction, Ledgers, and Statements

Enregistré dans:
Détails bibliographiques
Auteur principal: Larson, Kermit D.
Autres auteurs: Pyle, Wiliam W.
Format: Livre
Langue:anglais
Publié: Homewood IRWIN 1988
Édition:12. ed.
Tags: Ajouter un tag
Pas de tags, Soyez le premier à ajouter un tag!

MARC

LEADER 00000nam a2200000 4500
001 c025103
005 20221219115859.3
041 0 |a eng 
044 |a US 
245 1 0 |a Fundamental Accounting Principles  |b Freewheel Corporation. Narrative of Transaction, Ledgers, and Statements  |c Kermit D. Larson, Wiliam W. Pyle 
250 |a 12. ed. 
264 1 |a Homewood  |b IRWIN  |c 1988 
300 |a 68 s. 
100 1 |a Larson, Kermit D. 
700 1 |a Pyle, Wiliam W.